| 000 | 01022cam a2200277 4500 | ||
|---|---|---|---|
| 001 | |||
| 008 | 020909n2002 000 0 eng u | ||
| 020 | _a086342189X | ||
| 035 | _a(Sirsi) u119597 | ||
| 050 | _a711.1 | ||
| 100 | _aHughes, R. | ||
| 245 | _aOffice developments : the role of the local planning authorities in encouraging more sustainable practices | ||
| 260 |
_aOxford _bOxford Brookes University _c2002 |
||
| 300 |
_a21p. _c30cm |
||
| 350 | _a6.50 | ||
| 490 | _aOxford Planning Monographs | ||
| 520 | _aDiscusses the role of local authorities in encouraging sustainable office development though local plans, unitary development plans (UDP), supplementary planning guidance (SPG) and the development control process. | ||
| 650 | _aLOCAL PLANNING | ||
| 650 | _aOFFICE DEVELOPMENT | ||
| 650 | _aPLANNING CONTROL | ||
| 650 | _aSUPPLEMENTARY PLANNING GUIDANCE | ||
| 650 | _aSUSTAINABLE DEVELOPMENT | ||
| 650 | _aUNITARY DEVELOPMENT PLANS | ||
| 690 | _aPLANNING LAW AND PRACTICE | ||
| 942 | _n0 | ||
| 999 |
_c102332 _d102332 |
||